[Event "Copenhagen Chess Challenge 2010"]
[Site "Ballerup"]
[Date "2010.??.??"]
[Round "9"]
[White "Pedersen, Nicolai Vesterbaek"]
[Black "Haub, Thorsten Michael"]
[Result "1-0"]
[WhiteElo "2453"]
[BlackElo "2508"]
[PlyCount "69"]
[EventDate "2010.??.??"]
[EventType "swiss"]
[EventRounds "9"]
[EventCountry "DEN"]

1. e4 g6 2. d4 Bg7 3. c4 d6 4. Nc3 a6 5. Be3 e6 6. f4 Ne7 7. Nf3 Nd7 8. Be2 O-O
9. g4 d5 10. cxd5 exd5 11. e5 Nb6 12. g5 Bh3 13. Nh4 Qd7 14. Bf2 Rfd8 15. Rg1
Nf5 16. Bg4 Bxg4 17. Qxg4 Nxh4 18. Qxh4 Na4 19. Nxa4 Qxa4 20. Rg3 Qb4+ 21. Kf1
Qxb2 22. Re1 Qc2 23. Rh3 Qf5 24. Qxh7+ Kf8 25. Rf3 b5 26. h4 Qg4 27. Ree3 c5
28. f5 gxf5 29. Rxf5 Qd1+ 30. Kg2 Qg4+ 31. Rg3 Qe4+ 32. Rgf3 Ra7 33. h5 cxd4
34. h6 Bf6 35. exf6 1-0

[Event "Copenhagen Chess Challenge 2010"]
[Site "Ballerup"]
[Date "2010.??.??"]
[Round "9"]
[White "Grabarczyk, Miroslaw"]
[Black "Mikkelsen, Nikolaj"]
[Result "1/2-1/2"]
[WhiteElo "2450"]
[BlackElo "2388"]
[PlyCount "106"]
[EventDate "2010.??.??"]
[EventType "swiss"]
[EventRounds "9"]
[EventCountry "DEN"]

1. d4 Nf6 2. c4 g6 3. Nf3 Bg7 4. g3 d5 5. cxd5 Nxd5 6. Bg2 Nb6 7. Nc3 Nc6 8. e3
O-O 9. O-O Re8 10. d5 Na5 11. Nd4 Bd7 12. Nb3 Nxb3 13. axb3 c6 14. e4 cxd5 15.
exd5 Qc8 16. Be3 Bh3 17. Bxh3 Qxh3 18. Bd4 Bxd4 19. Qxd4 Red8 20. Rfe1 Rd7 21.
Qf4 Kg7 22. Qd4+ Kg8 23. Qf4 Qf5 24. Qxf5 gxf5 25. Re5 f4 26. gxf4 f6 27. Rh5
a6 28. Re1 Kg7 29. Re3 Rg8 30. Kf1 h6 31. Rg3+ Kf8 32. Ke2 Kf7 33. Rxh6 Nxd5
34. Rh7+ Kf8 35. Nxd5 Rxd5 36. Rxg8+ Kxg8 37. Rxe7 Rb5 38. Re3 Kf7 39. Kf3 Kg6
40. Kg4 Rb4 41. h4 f5+ 42. Kg3 Kh5 43. f3 Kg6 44. Rd3 Rb6 45. Rc3 Kh6 46. Re3
Kg6 47. Rd3 Kh6 48. b4 Rxb4 49. Rd6+ Kh7 50. Rd7+ Kg6 51. Rd6+ Kh7 52. Rd7+ Kg6
53. Rd6+ Kh7 1/2-1/2

[Event "Copenhagen Chess Challenge 2010"]
[Site "Ballerup"]
[Date "2010.??.??"]
[Round "9"]
[White "Semcesen, Daniel"]
[Black "Teplyi, Igor"]
[Result "1/2-1/2"]
[WhiteElo "2424"]
[BlackElo "2315"]
[PlyCount "32"]
[EventDate "2010.??.??"]
[EventType "swiss"]
[EventRounds "9"]
[EventCountry "DEN"]

1. c4 Nf6 2. Nc3 e5 3. Nf3 Nc6 4. d4 exd4 5. Nxd4 Be7 6. e4 Bb4 7. f3 O-O 8.
Be2 d6 9. Be3 Bxc3+ 10. bxc3 Nd7 11. O-O Re8 12. Qc1 Nce5 13. Rd1 Qe7 14. Nb3
b6 15. Nd4 Nc5 16. Bf2 Bd7 1/2-1/2

[Event "Copenhagen Chess Challenge 2010"]
[Site "Ballerup"]
[Date "2010.??.??"]
[Round "9"]
[White "Danielsen, Henrik"]
[Black "Bromann, Thorbjorn"]
[Result "1-0"]
[WhiteElo "2494"]
[BlackElo "2435"]
[PlyCount "97"]
[EventDate "2010.??.??"]
[EventType "swiss"]
[EventRounds "9"]
[EventCountry "DEN"]

1. g3 d5 2. Nf3 Nc6 3. Bg2 e5 4. d3 g6 5. O-O Bg7 6. Nbd2 Nge7 7. c4 O-O 8. Rb1
a5 9. b3 h6 10. a3 Be6 11. cxd5 Nxd5 12. Bb2 Nb6 13. Nc4 Nxc4 14. bxc4 Rb8 15.
Qa4 Qd7 16. Qb5 Bg4 17. Rfe1 Rfe8 18. Nd2 Bh3 19. Bh1 Nd4 20. Bxd4 exd4 21.
Qxa5 c6 22. Ne4 Bf5 23. Qa7 Qe7 24. Rb2 b5 25. Qxe7 Rxe7 26. Reb1 Ra7 27. Nd6
Bd7 28. cxb5 cxb5 29. Bd5 Rxa3 30. Bxf7+ Kf8 31. Bc4 Ra6 32. Nxb5 Rab6 33. Rb3
Ke7 34. Na3 Rxb3 35. Rxb3 Ra8 36. Bd5 Ra5 37. Be4 g5 38. Nc4 Ra2 39. Rb7 Kd8
40. Kg2 Bf8 41. Ne5 Be8 42. Bc6 Bd6 43. Nf7+ Bxf7 44. Rd7+ Kc8 45. Rxd6 Rxe2
46. Rxh6 Kc7 47. Be4 Kd7 48. h4 gxh4 49. Rxh4 1-0

[Event "Copenhagen Chess Challenge 2010"]
[Site "Ballerup"]
[Date "2010.??.??"]
[Round "9"]
[White "Berg, Klaus"]
[Black "De Verdier, Michael"]
[Result "1/2-1/2"]
[WhiteElo "2428"]
[BlackElo "2286"]
[PlyCount "22"]
[EventDate "2010.??.??"]
[EventType "swiss"]
[EventRounds "9"]
[EventCountry "DEN"]

1. c4 Nf6 2. Nc3 e6 3. Nf3 d5 4. d4 dxc4 5. e3 a6 6. Bxc4 b5 7. Bd3 c5 8. O-O
Bb7 9. Qe2 Nbd7 10. Rd1 Qb6 11. Bd2 Be7 1/2-1/2

[Event "Copenhagen Chess Challenge 2010"]
[Site "Ballerup"]
[Date "2010.??.??"]
[Round "9"]
[White "Skytte, Rasmus"]
[Black "Carstensen, Jacob"]
[Result "1/2-1/2"]
[WhiteElo "2386"]
[BlackElo "2295"]
[PlyCount "58"]
[EventDate "2010.??.??"]
[EventType "swiss"]
[EventRounds "9"]
[EventCountry "DEN"]

1. e4 c5 2. c3 Nf6 3. e5 Nd5 4. d4 cxd4 5. Nf3 Nc6 6. Bc4 Nb6 7. Bb3 d6 8. cxd4
dxe5 9. d5 Na5 10. Nc3 Nxb3 11. Qxb3 e6 12. Nxe5 Nxd5 13. Qb5+ Bd7 14. Qxb7 Qc8
15. Qxd7+ Qxd7 16. Nxd7 Kxd7 17. Nxd5 exd5 18. Be3 Bb4+ 19. Ke2 Rhc8 20. Rac1
Ba5 21. Rhd1 Rxc1 22. Rxc1 Bb6 23. Kd3 Re8 24. Rc3 Kd6 25. Ra3 Re7 26. Ra6 Kc6
27. Ra3 Kd6 28. Ra6 Kc6 29. Ra3 Kd6 1/2-1/2

[Event "Copenhagen Chess Challenge 2010"]
[Site "Ballerup"]
[Date "2010.??.??"]
[Round "9"]
[White "Bejtovic, Jasmin"]
[Black "Stigar, Petter"]
[Result "1-0"]
[WhiteElo "2384"]
[BlackElo "2281"]
[PlyCount "83"]
[EventDate "2010.??.??"]
[EventType "swiss"]
[EventRounds "9"]
[EventCountry "DEN"]

1. e4 c5 2. Nf3 Nc6 3. d4 cxd4 4. Nxd4 g6 5. c4 Nf6 6. Nc3 d6 7. Be2 Bg7 8. Be3
O-O 9. O-O Nxd4 10. Bxd4 Bd7 11. Qd2 Bc6 12. f3 a5 13. b3 Nd7 14. Bf2 Nc5 15.
Rab1 e6 16. Rfd1 Be5 17. Nb5 Bxb5 18. cxb5 Qe7 19. Bf1 Rfd8 20. Qe1 Qf8 21. g3
Qg7 22. f4 Bc3 23. Qe2 Bb4 24. Rbc1 b6 25. Qf3 Rac8 26. Bd4 e5 27. Bb2 Ne6 28.
Bc4 Bc5+ 29. Kh1 Nd4 30. Qd3 Qh6 31. Rf1 Rc7 32. a3 Re8 33. Rcd1 Rce7 34. Bd5
Qh5 35. Rd2 Ne6 36. f5 Nd4 37. Qc4 gxf5 38. b4 axb4 39. axb4 Nf3 40. Rc2 Bd4
41. Qe2 Bxb2 42. Rxb2 1-0

[Event "Copenhagen Chess Challenge 2010"]
[Site "Ballerup"]
[Date "2010.??.??"]
[Round "9"]
[White "Westerinen, Heikki"]
[Black "Andersen, Mads"]
[Result "1/2-1/2"]
[WhiteElo "2347"]
[BlackElo "2331"]
[PlyCount "88"]
[EventDate "2010.??.??"]
[EventType "swiss"]
[EventRounds "9"]
[EventCountry "DEN"]

1. e4 c5 2. Nf3 e6 3. Nc3 Nc6 4. Bb5 Nd4 5. a4 a6 6. Bc4 Qf6 7. d3 Nxf3+ 8.
Qxf3 Qxf3 9. gxf3 Ne7 10. Be3 Nc6 11. f4 b6 12. f5 Bb7 13. fxe6 dxe6 14. f4
O-O-O 15. O-O-O g6 16. Rhf1 Bh6 17. Rf3 Nd4 18. Rh3 Bg7 19. Re1 Kb8 20. Ne2 Nc6
21. f5 Bc8 22. fxe6 fxe6 23. Rf1 Ne5 24. Bb3 Rdf8 25. Rxf8 Rxf8 26. Kb1 Rf1+
27. Ka2 h5 28. Nf4 c4 29. dxc4 Nc6 30. Nd3 Bd4 31. Bxd4 Nxd4 32. c3 Rf3 33.
Rxf3 Nxf3 34. h3 Ng1 35. Nf4 g5 36. Nxh5 Nxh3 37. Kb1 Nf2 38. Ng3 Kc7 39. Kc1
Kd6 40. Kd2 Ke5 41. Ke3 Ng4+ 42. Kf3 Nh2+ 43. Kg2 Ng4 44. Kf3 Nh2+ 1/2-1/2

[Event "Copenhagen Chess Challenge 2010"]
[Site "Ballerup"]
[Date "2010.??.??"]
[Round "9"]
[White "Veng, Johny"]
[Black "Hove, Esben Kjems"]
[Result "1-0"]
[WhiteElo "2237"]
[BlackElo "2269"]
[PlyCount "57"]
[EventDate "2010.??.??"]
[EventType "swiss"]
[EventRounds "9"]
[EventCountry "DEN"]

1. d4 d5 2. c4 c6 3. Nf3 Nf6 4. Qb3 Qb6 5. Nc3 dxc4 6. Qxc4 Bf5 7. g3 e6 8. Bg2
Nbd7 9. O-O Qb4 10. Nd2 Nb6 11. Qxb4 Bxb4 12. Nb3 Bc2 13. Bg5 Nfd5 14. Rfc1
Bxb3 15. axb3 f6 16. Bd2 Kf7 17. e4 Ne7 18. Be3 Nd7 19. h4 e5 20. d5 Bc5 21.
Nb5 Bxe3 22. Nd6+ Kg6 23. fxe3 b6 24. Nf5 Kf7 25. Nxe7 Kxe7 26. Rxc6 Rhd8 27.
Rc7 a5 28. Bh3 Rac8 29. d6+ 1-0

[Event "Copenhagen Chess Challenge 2010"]
[Site "Ballerup"]
[Date "2010.??.??"]
[Round "9"]
[White "Hector, Jonny"]
[Black "Vesterli, Michael E"]
[Result "1-0"]
[WhiteElo "2582"]
[BlackElo "1795"]
[PlyCount "179"]
[EventDate "2010.??.??"]
[EventType "swiss"]
[EventRounds "9"]
[EventCountry "DEN"]

1. d4 Nf6 2. Nc3 d5 3. Bg5 e6 4. e4 dxe4 5. Nxe4 Be7 6. Bxf6 Bxf6 7. Nf3 Nc6 8.
c3 Bd7 9. Qb3 Na5 10. Qc2 Be7 11. O-O-O b6 12. Ba6 Bc6 13. Ne5 Qd5 14. Nxc6
Qxc6 15. c4 O-O 16. Rhe1 Rad8 17. Kb1 Qa8 18. a3 Nb7 19. c5 bxc5 20. dxc5 f5
21. Qc4 Rxd1+ 22. Rxd1 Nd8 23. Nc3 Qxg2 24. Bc8 Qxf2 25. Bxe6+ Kh8 26. Bd7 Qxc5
27. Qd3 Bf6 28. Nd5 Qd6 29. Bxf5 g6 30. Be4 Bg7 31. Qc2 Ne6 32. h4 Rb8 33. Nb4
Qe5 34. Rd5 Qf6 35. h5 Nf4 36. Rd2 Nxh5 37. Qxc7 Qb6 38. Qh2 a5 39. Nc6 Re8 40.
Bf3 Qb3 41. Bd1 Qb5 42. Qd6 Nf6 43. Nd4 Qf1 44. Qc6 Qe1 45. Nf3 Qe4+ 46. Qxe4
Nxe4 47. Re2 Bf6 48. Ka1 g5 49. Bc2 Nd6 50. Rh2 Re7 51. Rh6 Ne8 52. Bf5 Kg8 53.
Nd2 Rg7 54. Ne4 Bd4 55. Bg4 Rb7 56. Rh2 Rb5 57. Rd2 Bf6 58. Rf2 Kg7 59. Bd7 Re5
60. Ng3 Kg6 61. Bf5+ Kg7 62. Bc2 g4 63. Rh2 Rb5 64. Ba4 Re5 65. Bd7 Rg5 66.
Bxe8 Be5 67. Rg2 Bxg3 68. Rxg3 h5 69. Bxh5 Rxh5 70. Rxg4+ Kf6 71. Ka2 Ke6 72.
Kb3 Kd6 73. Rc4 Rc5 74. Rd4+ Kc6 75. Ka4 Kb6 76. Rd8 Kb7 77. Rd6 Rf5 78. Kb3
Rf4 79. Kc3 a4 80. Rd4 Rf3+ 81. Kc2 Rf2+ 82. Kb1 Kb6 83. Rxa4 Kb5 84. Rh4 Rf3
85. Ka2 Ka5 86. Rh5+ Ka6 87. a4 Kb6 88. b3 Ka6 89. Ka3 Kb6 90. a5+ 1-0

[Event "Copenhagen Chess Challenge 2010"]
[Site "Ballerup"]
[Date "2010.??.??"]
[Round "9"]
[White "Smith, Axel"]
[Black "Kristensen, Kaare Hove"]
[Result "1-0"]
[WhiteElo "2408"]
[BlackElo "2258"]
[PlyCount "57"]
[EventDate "2010.??.??"]
[EventType "swiss"]
[EventRounds "9"]
[EventCountry "DEN"]

1. c4 Nf6 2. Nf3 c6 3. g3 d5 4. Bg2 dxc4 5. O-O Be6 6. Na3 Bd5 7. Re1 Na6 8.
Qa4 Nc7 9. Qc2 Nb5 10. e4 Be6 11. Nxc4 g6 12. b3 Bg7 13. Bb2 O-O 14. d4 Bg4 15.
Rad1 Rc8 16. h3 Bxf3 17. Bxf3 Nd7 18. Bg2 Qc7 19. a4 Nd6 20. f4 c5 21. d5 Nxc4
22. Bxg7 Kxg7 23. bxc4 f6 24. Kh2 g5 25. fxg5 fxg5 26. e5 Nxe5 27. Qc3 Rf5 28.
g4 Kg8 29. d6 1-0

[Event "Copenhagen Chess Challenge 2010"]
[Site "Ballerup"]
[Date "2010.??.??"]
[Round "9"]
[White "Nilssen, John Arni"]
[Black "Akdag, Dara Sevkan"]
[Result "1-0"]
[WhiteElo "2372"]
[BlackElo "2171"]
[PlyCount "83"]
[EventDate "2010.??.??"]
[EventType "swiss"]
[EventRounds "9"]
[EventCountry "DEN"]

1. d4 Nf6 2. c4 c5 3. d5 e6 4. Nc3 exd5 5. cxd5 d6 6. Nf3 g6 7. Nd2 Bg7 8. e4
O-O 9. Be2 a6 10. a4 Re8 11. O-O Nbd7 12. f4 Rb8 13. Kh1 Nb6 14. Bf3 Qe7 15. a5
Nbd7 16. Nc4 h6 17. Be3 Nh7 18. Qd2 Qf8 19. Bf2 b5 20. axb6 Nxb6 21. Na5 Bd7
22. Rfe1 f5 23. Bg3 Bb5 24. Nxb5 axb5 25. Nc6 Nc4 26. Qc2 Rb7 27. exf5 Rxe1+
28. Rxe1 gxf5 29. b3 Nb6 30. Bh4 Bf6 31. Bf2 Bg7 32. h3 b4 33. Qe2 Bc3 34. Rg1
Kh8 35. Qa6 Qa8 36. Qd3 Qf8 37. Be1 Bb2 38. Bd2 Nc8 39. Re1 Na7 40. Qa6 Qa8 41.
Nd8 Rd7 42. Re8+ 1-0

[Event "Copenhagen Chess Challenge 2010"]
[Site "Ballerup"]
[Date "2010.??.??"]
[Round "9"]
[White "Skovgaard, Peter Nicolai"]
[Black "Eriksson, Christian Altenburg"]
[Result "1-0"]
[WhiteElo "2307"]
[BlackElo "2155"]
[PlyCount "79"]
[EventDate "2010.??.??"]
[EventType "swiss"]
[EventRounds "9"]
[EventCountry "DEN"]

1. e4 c5 2. Nf3 Nc6 3. Nc3 Nf6 4. Bb5 g6 5. e5 Ng4 6. Bxc6 dxc6 7. h3 Nh6 8. g4
Bg7 9. d3 Qb6 10. a4 O-O 11. a5 Qc7 12. Bf4 f6 13. Qd2 fxe5 14. Bxh6 Rxf3 15.
Bxg7 Kxg7 16. Ne4 c4 17. dxc4 Rf4 18. Qe3 Be6 19. b3 Raf8 20. Nc5 Bc8 21. Nd3
Rf3 22. Qxa7 Qd6 23. O-O-O e4 24. Nc5 Qf4+ 25. Kb1 Rxf2 26. a6 bxa6 27. Qxe7+
Kg8 28. Nxe4 Qf7 29. Qe5 Qf4 30. Qe7 Qf7 31. Qxf7+ R2xf7 32. Rd6 Re7 33. Nf6+
Kg7 34. Rf1 h5 35. gxh5 Bf5 36. h6+ Kxh6 37. Rxf5 Kg7 38. Rf2 Ref7 39. Rxc6 a5
40. c3 1-0

[Event "Copenhagen Chess Challenge 2010"]
[Site "Ballerup"]
[Date "2010.??.??"]
[Round "9"]
[White "Schmidt, Tommy B"]
[Black "Rostgaard, Tobias Valentin"]
[Result "1/2-1/2"]
[WhiteElo "2203"]
[BlackElo "2037"]
[PlyCount "61"]
[EventDate "2010.??.??"]
[EventType "swiss"]
[EventRounds "9"]
[EventCountry "DEN"]

1. d4 Nf6 2. c4 e6 3. g3 Bb4+ 4. Bd2 Qe7 5. Bg2 Nc6 6. a3 Bxd2+ 7. Qxd2 O-O 8.
Nc3 a5 9. e4 d6 10. Nge2 e5 11. O-O Bg4 12. f3 Bh5 13. g4 Bg6 14. Nd5 Qd8 15.
b4 Re8 16. b5 Nxd4 17. Nxd4 exd4 18. Qxd4 b6 19. Nxf6+ Qxf6 20. Qxf6 gxf6 21.
Rfd1 h5 22. h3 h4 23. Rd4 Re7 24. Kf2 Kg7 25. Bf1 Kh6 26. Rd2 Kg5 27. Ke3 Rae8
28. Rd4 Kh6 29. Kf4 Re5 30. Rad1 Kg7 31. Bg2 1/2-1/2

[Event "Copenhagen Chess Challenge 2010"]
[Site "Ballerup"]
[Date "2010.??.??"]
[Round "9"]
[White "Both, Erik"]
[Black "Skjoldager, Mikael"]
[Result "1-0"]
[WhiteElo "2188"]
[BlackElo "1958"]
[PlyCount "69"]
[EventDate "2010.??.??"]
[EventType "swiss"]
[EventRounds "9"]
[EventCountry "DEN"]

1. e4 c5 2. Nf3 d6 3. d4 cxd4 4. Qxd4 Nc6 5. Bb5 Bd7 6. Bxc6 Bxc6 7. Nc3 Nf6 8.
Bg5 e6 9. O-O-O Be7 10. Rhe1 h6 11. Bh4 Qc7 12. Bg3 e5 13. Qd2 O-O-O 14. Kb1
Nh5 15. Nd5 Bxd5 16. Qxd5 Nxg3 17. hxg3 Rhf8 18. Re3 Kb8 19. Rc3 Qb6 20. Rb3
Qa6 21. Rdd3 Rc8 22. Rxb7+ Qxb7 23. Rb3 Rc7 24. Rxb7+ Rxb7 25. Nd2 f5 26. exf5
Rxf5 27. f3 Rh5 28. b3 Rh1+ 29. Kb2 a6 30. Nc4 Ka7 31. Na5 Rc7 32. Nc6+ Kb6 33.
Nxe7 Rg1 34. Qxd6+ Kb7 35. Nd5 1-0

[Event "Copenhagen Chess Challenge 2010"]
[Site "Ballerup"]
[Date "2010.??.??"]
[Round "9"]
[White "Hvenekilde, Jorgen"]
[Black "Hansen, Rasmus Agertoft"]
[Result "1/2-1/2"]
[WhiteElo "2128"]
[BlackElo "1947"]
[PlyCount "21"]
[EventDate "2010.??.??"]
[EventType "swiss"]
[EventRounds "9"]
[EventCountry "DEN"]

1. d4 Nf6 2. c4 g6 3. Nf3 Bg7 4. g3 O-O 5. Bg2 d6 6. O-O Nc6 7. Nc3 a6 8. b3
Rb8 9. h3 Nd7 10. Be3 e5 11. d5 1/2-1/2

[Event "Copenhagen Chess Challenge 2010"]
[Site "Ballerup"]
[Date "2010.??.??"]
[Round "9"]
[White "Langmyhr, Tore"]
[Black "Molvig, Henrik"]
[Result "0-1"]
[WhiteElo "1991"]
[BlackElo "2193"]
[PlyCount "62"]
[EventDate "2010.??.??"]
[EventType "swiss"]
[EventRounds "9"]
[EventCountry "DEN"]

1. c4 Nf6 2. Nc3 g6 3. e4 d6 4. d4 Bg7 5. Be2 O-O 6. f4 c5 7. d5 e6 8. Nf3 exd5
9. cxd5 Bg4 10. O-O Re8 11. Qc2 a6 12. a4 Nbd7 13. Be3 Qe7 14. e5 dxe5 15. fxe5
Nxe5 16. Bg5 Bf5 17. Qd2 Qd6 18. Nxe5 Qxe5 19. Bf3 Qd4+ 20. Kh1 Qxd2 21. Bxd2
Ne4 22. Nxe4 Bxe4 23. Bc3 Rad8 24. Bxg7 Kxg7 25. Rfd1 Bxf3 26. gxf3 Re5 27. d6
Re6 28. Rac1 Rexd6 29. Rxd6 Rxd6 30. Rxc5 Rd1+ 31. Kg2 Rd2+ 0-1

[Event "Copenhagen Chess Challenge 2010"]
[Site "Ballerup"]
[Date "2010.??.??"]
[Round "9"]
[White "Knudsen, Jes West"]
[Black "Grove, Peter"]
[Result "1/2-1/2"]
[WhiteElo "1938"]
[BlackElo "2124"]
[PlyCount "24"]
[EventDate "2010.??.??"]
[EventType "swiss"]
[EventRounds "9"]
[EventCountry "DEN"]

1. f4 g6 2. Nf3 Bg7 3. g3 d6 4. d3 e5 5. Nc3 Nc6 6. Bg2 h5 7. Be3 Nh6 8. Qd2
Nf5 9. Bf2 exf4 10. gxf4 h4 11. Rg1 Be6 12. Ng5 Qd7 1/2-1/2

[Event "Copenhagen Chess Challenge 2010"]
[Site "Ballerup"]
[Date "2010.??.??"]
[Round "9"]
[White "Christensen, Casper"]
[Black "Andersen, Rune Egede"]
[Result "0-1"]
[WhiteElo "1893"]
[BlackElo "2073"]
[PlyCount "36"]
[EventDate "2010.??.??"]
[EventType "swiss"]
[EventRounds "9"]
[EventCountry "DEN"]

1. e4 e6 2. d4 d5 3. Nc3 Nf6 4. Bd3 c5 5. dxc5 dxe4 6. Bb5+ Bd7 7. Bg5 Bxc5 8.
Bxd7+ Nbxd7 9. Nxe4 Qa5+ 10. Bd2 Bb4 11. Nd6+ Ke7 12. Nc4 Bxd2+ 13. Qxd2 Qc5
14. Ne3 Ne4 15. Qd3 Qb4+ 16. c3 Qxb2 17. Rb1 Qxf2+ 18. Kd1 Rhd8 0-1

[Event "Copenhagen Chess Challenge 2010"]
[Site "Ballerup"]
[Date "2010.??.??"]
[Round "9"]
[White "Kallen, Jonas"]
[Black "Andersen, Daniel"]
[Result "1-0"]
[WhiteElo "1893"]
[BlackElo "1948"]
[PlyCount "39"]
[EventDate "2010.??.??"]
[EventType "swiss"]
[EventRounds "9"]
[EventCountry "DEN"]

1. c4 e6 2. g3 f5 3. Nc3 Nf6 4. Bg2 d5 5. e3 c6 6. Nge2 Bd6 7. O-O O-O 8. b3
Nbd7 9. d3 dxc4 10. bxc4 e5 11. d4 e4 12. Qb3 Kh8 13. Rd1 Rg8 14. Nf4 g5 15.
Ne6 Qe7 16. c5 Bb8 17. Bb2 h5 18. d5 Kh7 19. d6 Qf7 20. Nxg5+ 1-0

[Event "Copenhagen Chess Challenge 2010"]
[Site "Ballerup"]
[Date "2010.??.??"]
[Round "9"]
[White "Schmidt, Horst Hubert"]
[Black "Reppen, Ellisiv"]
[Result "0-1"]
[WhiteElo "1873"]
[BlackElo "1944"]
[PlyCount "108"]
[EventDate "2010.??.??"]
[EventType "swiss"]
[EventRounds "9"]
[EventCountry "DEN"]

1. e4 e5 2. Nf3 Nc6 3. Be2 Nf6 4. Nc3 Be7 5. O-O d6 6. d3 O-O 7. a3 h6 8. Kh1
Be6 9. d4 exd4 10. Nxd4 Nxd4 11. Qxd4 d5 12. exd5 Nxd5 13. Nxd5 Bxd5 14. Rd1
Be6 15. Qe4 Qc8 16. Bd3 f5 17. Qe2 Bf6 18. Bc4 Bxc4 19. Qxc4+ Kh8 20. c3 Re8
21. Be3 Re4 22. Qf7 f4 23. Bd4 Bxd4 24. Rxd4 Qe8 25. Qxe8+ Raxe8 26. Rdd1 Re2
27. f3 Rxb2 28. Rab1 Ree2 29. Rxb2 Rxb2 30. Kg1 Rb3 31. Rd8+ Kh7 32. Rb8 a5 33.
a4 b6 34. Rf8 Rxc3 35. Rxf4 c6 36. h4 Rb3 37. Rc4 c5 38. Rc2 Rb4 39. Ra2 Rxh4
40. g4 h5 41. Kg2 hxg4 42. Kg3 Rh6 43. Kxg4 Rd6 44. f4 Kg6 45. Ra3 Kf6 46. Rb3
g6 47. Rc3 Rd4 48. Rb3 Rb4 49. Rd3 g5 50. Rd6+ Ke7 51. Rh6 gxf4 52. Kf5 f3 53.
Ke5 f2 54. Rh7+ Kf8 0-1

[Event "Copenhagen Chess Challenge 2010"]
[Site "Ballerup"]
[Date "2010.??.??"]
[Round "9"]
[White "Molvig, Julius"]
[Black "Hauge, Lars Oskar"]
[Result "1/2-1/2"]
[WhiteElo "1782"]
[BlackElo "1823"]
[PlyCount "29"]
[EventDate "2010.??.??"]
[EventType "swiss"]
[EventRounds "9"]
[EventCountry "DEN"]

1. d4 Nf6 2. c4 e6 3. Nf3 d5 4. a3 Be7 5. Nc3 O-O 6. Bf4 b6 7. e3 Bb7 8. Be2 c5
9. cxd5 Nxd5 10. Nxd5 Bxd5 11. O-O Nd7 12. Ba6 Bf6 13. Rc1 Nb8 14. Bb5 a6 15.
Bc4 1/2-1/2

[Event "Copenhagen Chess Challenge 2010"]
[Site "Ballerup"]
[Date "2010.??.??"]
[Round "9"]
[White "Frank Nielsen, Marie"]
[Black "Haubro, Martin"]
[Result "1-0"]
[WhiteElo "1992"]
[BlackElo "1907"]
[PlyCount "27"]
[EventDate "2010.??.??"]
[EventType "swiss"]
[EventRounds "9"]
[EventCountry "DEN"]

1. e4 c5 2. c3 d5 3. exd5 Qxd5 4. d4 cxd4 5. cxd4 Nc6 6. Nf3 Bf5 7. Nc3 Qd7 8.
d5 O-O-O 9. dxc6 Qxc6 10. Bd2 f6 11. Rc1 Kb8 12. Bf4+ Kc8 13. Nd5 Rxd5 14. Qxd5
1-0

[Event "Copenhagen Chess Challenge 2010"]
[Site "Ballerup"]
[Date "2010.??.??"]
[Round "9"]
[White "Kokholm, Daniel"]
[Black "Pallesen, Jacob"]
[Result "1/2-1/2"]
[WhiteElo "1962"]
[BlackElo "2028"]
[PlyCount "26"]
[EventDate "2010.??.??"]
[EventType "swiss"]
[EventRounds "9"]
[EventCountry "DEN"]

1. d4 Nf6 2. Nc3 g6 3. e4 d6 4. f3 Bg7 5. Be3 O-O 6. Qd2 Nbd7 7. O-O-O c6 8.
Bh6 Qa5 9. h4 b5 10. Kb1 b4 11. Nce2 Nb6 12. Nc1 Bxh6 13. Qxh6 Qh5 1/2-1/2

[Event "Copenhagen Chess Challenge 2010"]
[Site "Ballerup"]
[Date "2010.??.??"]
[Round "9"]
[White "Marshall, Michael"]
[Black "Poulsen, Iver"]
[Result "1/2-1/2"]
[WhiteElo "1906"]
[BlackElo "2140"]
[PlyCount "28"]
[EventDate "2010.??.??"]
[EventType "swiss"]
[EventRounds "9"]
[EventCountry "DEN"]

1. d4 d5 2. Nf3 c6 3. e3 e6 4. Bd3 Nf6 5. O-O Nbd7 6. b3 Bd6 7. Bb2 Qe7 8. Ne5
O-O 9. Nd2 Ne8 10. f4 g6 11. Qe2 f6 12. Nxd7 Bxd7 13. Nf3 f5 14. c4 Nf6 1/2-1/2

[Event "Copenhagen Chess Challenge 2010"]
[Site "Ballerup"]
[Date "2010.??.??"]
[Round "9"]
[White "Petrovski, Petruli"]
[Black "Skovle, Lars"]
[Result "0-1"]
[WhiteElo "1818"]
[BlackElo "1678"]
[PlyCount "61"]
[EventDate "2010.??.??"]
[EventType "swiss"]
[EventRounds "9"]
[EventCountry "DEN"]

1. e4 Nf6 2. e5 Nd5 3. d4 d6 4. c4 Nb6 5. exd6 cxd6 6. Nc3 Nc6 7. Be3 g6 8. Rc1
Bg7 9. Be2 O-O 10. h3 Bf5 11. Nf3 Rc8 12. b3 Re8 13. Qd2 e5 14. d5 Ne7 15. g4
Bd7 16. Rg1 f5 17. Bh6 f4 18. Bxg7 Kxg7 19. Ne4 Qc7 20. Rd1 Ng8 21. h4 Nf6 22.
Nfg5 Nxe4 23. Nxe4 Rcd8 24. f3 Bc8 25. Bd3 Nd7 26. h5 Nf6 27. h6+ Kf7 28. Nxf6
Kxf6 29. g5+ Ke7 30. Qc2 Qc5 31. Qe2 0-1

[Event "Copenhagen Chess Challenge 2010"]
[Site "Ballerup"]
[Date "2010.??.??"]
[Round "5"]
[White "Skytte, Rasmus"]
[Black "Nguyen, Michael"]
[Result "1/2-1/2"]
[WhiteElo "2386"]
[BlackElo "2187"]
[PlyCount "55"]
[EventDate "2010.??.??"]
[EventType "swiss"]
[EventRounds "9"]
[EventCountry "DEN"]

1. e4 c5 2. Nf3 Nc6 3. c3 d5 4. exd5 Qxd5 5. d4 Bg4 6. Be2 cxd4 7. cxd4 e6 8.
Nc3 Qa5 9. O-O Nf6 10. h3 Bh5 11. Be3 Bd6 12. a3 O-O 13. Qb3 Ne7 14. g4 Bg6 15.
Nd2 Qd8 16. Nc4 b6 17. Bf3 Nfd5 18. Rfe1 Rc8 19. Bg5 Bf4 20. Bxe7 Nxe7 21. Rad1
Bc2 22. Qxc2 Rxc4 23. Qd3 Rc8 24. Qe4 Bb8 25. d5 Nxd5 26. Nxd5 exd5 27. Rxd5
Qf6 28. Qe2 1/2-1/2